000 00990nam a22002897a 4500
008 130821s2007 xxu gr eng
020 _a9781577664888
040 _aCo-BoUCM
_bspa
041 0 0 _aeng
100 1 _aYaukey, David
_9171967
245 1 0 _aDemography the study of human population
_cDavid Yaukey, Douglas L. Anderton, Jennifer Hickes Lundquist.
250 _a3rd ed.
260 _aLong Grove (Illinois, Estados Unidos)
_bWaveland Press
_c2007
300 _axiv, 424 páginas
504 _aIncluye referencias bibliográficas e indices.
650 0 4 _aDemografía
_912627
650 0 4 _aFecundación
_915616
650 0 4 _aMigración humana
_919529
650 0 4 _aMorbilidad
_919759
650 0 4 _aMortalidad
_919774
650 0 4 _aSociología urbana
_924816
650 0 4 _aSociología
_9386
700 1 _aAnderton, Douglas L.
_9171968
700 1 _aLundquist, Jennifer Hickes
_9171969
942 _cLIBRO
_2DEWEY
_a5
_e3
_h304.6
_mY35d
999 _c92634
_d92634